LEADER 01157nam a2200301 i 4500 001 991003913459707536 005 20030107101316.0 008 011212s|||| it ||| | fre 035 $ab11882207-39ule_inst 035 $aExgil149256$9ExL 040 $aBiblioteca Interfacoltà$bita 041 0 $afreita 082 0 $a858.60808 100 1 $aAjello, Raffaele$05600 245 10$aPolitici ed economisti del primo Settecento /$ca cura di R. Ajello, M. Berengo, A. Caracciolo ... et al. 260 0 $aMilano ; Napoli :$bR. Ricciardi,$cstampa 1978 300 $axxxviii, 1197 p. ;$c23 cm. 490 0 $aDal Muratori al Cesarotti ;$v5 490 0 $aLa letteratura italiana. Storia e testi ;$v44,5 650 4$aLetteratura italiana$ySec. 18.-19. 700 1 $aBerengo, Marino 700 1 $aCaracciolo, Alberto 907 $a.b11882207$b14-07-17$c07-01-03 912 $a991003913459707536 945 $aLE002 Coll. 26,1. 44/V$g1$i2002000016485$lle002$o-$pE0.00$q-$rn$so $t0$u0$v0$w0$x0$y.i12138125$z07-01-03 996 $aPolitici ed economisti del primo Settecento$9237413 997 $aUNISALENTO 998 $ale002$b01-01-02$cm$da $e-$ffre$git $h0$i1 LEADER 01075nam a2200265 i 4500 001 991002520489707536 005 20020503170255.0 008 930107s1986 it ||| | ita 020 $a882050023X 035 $ab10376367-39ule_inst 035 $aEXGIL105212$9ExL 040 $aBiblioteca Interfacoltà$bita 100 1 $aPappalardo, Armando$0252124 245 10$aDizionario di scienze occulte :$bpiccola enciclopedia di opere e fatti concernenti la magia, l'astrologia, l'alchimia, ... /$cArmando Pappalardo 260 $aMilano :$bCisalpino-Goliardica,$cc1986 300 $aVII, 365 p. ;$c16 cm. 490 0 $aReprint antichi manuali Hoepli ;$v4 500 $aRiprod. facs. della 2. ed. : Milano : Hoepli, 1922 650 4$aOccultismo$xDizionari 907 $a.b10376367$b21-02-17$c27-06-02 912 $a991002520489707536 945 $aLE002 Coll. 11.13$g1$iLE002-14485N$lle002$o-$pE0.00$q-$rn$so $t0$u0$v0$w0$x0$y.i10440513$z27-06-02 996 $aDizionario di scienze occulte$9202714 997 $aUNISALENTO 998 $ale002$b01-01-93$cm$da $e-$fita$git $h0$i1